Culture Générale - Série 1719 - Statistiques

Statistiques générales
  • Ce quiz a été pris 137 fois
  • Le résultat moyen est 6 sur 10
Statistiques - réponses
Question Réponse % Correct
De quel pays La Valette est-elle la capitale ? Malte
96%
De quel pays Ljubljana est-elle la capitale ? Slovénie
86%
Le fleuve Meuse traverse 3 pays avant de se jeter dans la mer du Nord : France, Belgique et ;;; Pays Bas
85%
Avant 1960, quelle était la capitale du Brésil ? Rio de Janeiro
78%
Quel nom porte le sous-marin du Capitaine Nemo dans le roman Vingt mille lieues sous les mers ? Nautilus
64%
De quel pays Nuuk est-elle la capitale ? Groenland
49%
Quel compositeur allemand est appelé aussi "le cantor de Leipzig" ? Jean-Sébastien Bach
41%
Quel surnom donna-t-on à l'écrivaine féministe Simone de Beauvoir ? castor
33%
Dans quelle ville du Royaume Uni vit le gang des "Peaky Blinders" ? Birmingham
31%
Quelle est la capitale du Myanmar (ex Birmanie) ? Naypyidaw
25%
Aucun quiz correspondant
Distribution des résultats
% des personnes avec chaque résultat
Percentile par nombre de réponses
Votre historique - résultats
Vous n’avez pas pris ce quiz